Barbarico /

Zapisane w:
Opis bibliograficzny
1. autor: Ferretti, Giovanni Lindo
Format: Książka
Język:włoski
Wydane: Milano : Mondadori, 2013
Etykiety: Dodaj etykietę
Nie ma etykietki, Dołącz pierwszą etykiete!

MARC

LEADER 00000nam a2200000 i 4500
001 IT\ICCU\URB\0901400
003 ItRI
005 20250724185535.0
008 131126s2013 it |||||| ||||| |||||c
015 |2 IT  |a 2014-952 
020 |a 9788804632252 
040 |b ita  |c Arcigay Viterbo 
041 7 |a ita  |2 ISO-639-2 
100 1 |a Ferretti, Giovanni Lindo  |0 IT\ICCU\REAV\091574 
240 1 0 |a Barbarico  |9 Ferretti, Giovanni Lindo 
245 1 0 |a Barbarico /  |c Giovanni Lindo Ferretti. 
260 |a Milano :  |b Mondadori,  |c 2013 
300 |a 136 p. ;  |c 20 cm 
942 |2 ddc  |c BK  |n 0 
952 |0 0  |1 0  |2 ddc  |4 0  |6 858_920000000000000_FER_BAR  |7 0  |9 9343  |a VT  |b VT  |d 2025-07-24  |e Donazione Maurizio Gregorini  |i B73  |l 0  |o 858.920 FER BAR  |p B73  |r 2025-07-24 18:57:04  |w 2025-07-24  |y BK  |z Donazione Maurizio Gregorini 
981 1 |6 z01  |a i   |b xxxe  
982 1 |6 z01  |a n 
999 |c 7805  |d 7805